Structure of metals : crystallographic methods, principles and data /

Bibliographic Details
Main Author: Barrett, C. S. (Charles Sanborn), 1902-1994
Other Authors: Massalski, T. B.
Format: Book
Language:English
Published: Oxford ; New York : Pergamon, 1980.
Edition:3rd rev. ed.
Series:International series on materials science and technology ; 35.
Pergamon international library of science, technology, engineering, and social studies.
Subjects:

MARC

Tag First Indicator Second Indicator Subfields
LEADER 00000cam a2200000 a 4500
001 in00000085226
005 20200418063806.0
008 810121s1980 enka b 00110 eng d
020 |z 008026171x 
035 |a (OCoLC)07075186 
035 |9 AAJ4426AM 
040 |a NRL  |c NRL  |d TXA  |d UtOrBLW 
049 |a TXAM  |c [387748] 
090 |a TN690  |b .B3 1980 
100 1 |a Barrett, C. S.  |q (Charles Sanborn),  |d 1902-1994. 
245 1 0 |a Structure of metals :  |b crystallographic methods, principles and data /  |c C.S. Barrett, T.B. Massalski. 
250 |a 3rd rev. ed. 
264 1 |a Oxford ;  |a New York :  |b Pergamon,  |c 1980. 
300 |a xv, 654 pages :  |b illustrations ;  |c 24 cm. 
336 |a text  |b txt  |2 rdacontent 
337 |a unmediated  |b n  |2 rdamedia 
338 |a volume  |b nc  |2 rdacarrier 
490 1 |a International series on materials science and technology ;  |v  35 
490 1 |a Pergamon international library of science, technology, engineering, and social studies 
504 |a Includes bibliographical references and index. 
650 0 |a Metallography. 
700 1 |a Massalski, T. B. 
830 0 |a International series on materials science and technology ;  |v  35. 
830 0 |a Pergamon international library of science, technology, engineering, and social studies. 
999 |a MARS 
999 f f |s 72ca5637-4fec-38a5-b24d-023cc42903cc  |i 510b603a-ff95-3b4f-bc5b-c4c3dfe98e65  |t 0 
952 f f |p normal  |a Texas A&M University  |b College Station  |c Sterling C. Evans Library  |d Evans: Library Stacks  |t 0  |e TN690 .B3 1980  |h Library of Congress classification  |i unmediated -- volume  |m A14806255105 
998 f f |a TN690 .B3 1980  |t 0  |l Evans: Library Stacks